[Event "Titled Tue 10th Jun Late"]
[Site "chess.com INT"]
[Date "2025.06.10"]
[Round "9"]
[White "Firouzja, Alireza"]
[Black "Movahed, Sina"]
[Result "1/2-1/2"]
[WhiteTitle "GM"]
[BlackTitle "GM"]
[WhiteElo "2766"]
[BlackElo "2544"]
[WhiteFideId "12573981"]
[BlackFideId "42520835"]
[EventDate "2025.06.10"]

1. e4 c5 2. Nf3 e6 3. Nc3 Nc6 4. Bb5 Nge7 5. d4 cxd4 6. Nxd4 a6 7. Bxc6 bxc6 8.
O-O Ng6 9. f4 Be7 10. Kh1 O-O 11. f5 Ne5 12. Bf4 Nc4 13. b3 e5 14. bxc4 exf4 15.
e5 f6 16. exf6 Bxf6 17. Rxf4 Be5 18. Rg4 c5 19. Nde2 d5 20. cxd5 Bxf5 21. Rc4
Qd6 22. Qg1 Qh6 23. Rxc5 Rac8 24. Rxc8 Rxc8 25. Rf1 Bxc2 26. Rf3 Qd6 27. h3 h6
28. Qe3 Bg6 29. Qd2 Rc4 30. Nd1 Rc2 31. Qe1 Be4 32. Nd4 Rc1 33. Ne2 Ra1 34. Rf1
Qxd5 35. Kg1 Bxg2 36. Nec3 Bd4+ 37. Kh2 Be5+ 38. Kg1 Bxc3 39. Qxc3 Rxd1 40. Rxd1
Qxd1+ 41. Kxg2 Qe2+ 42. Kg3 Qxa2 43. Qc8+ Kf7 44. Qf5+ Ke7 45. Qe5+ Qe6 46.
Qxg7+ Kd6 47. Qf8+ Kd5 48. Qa8+ Qc6 49. Qg8+ Kc5 50. Qf8+ Kb5 51. Qf5+ Kb6 52.
Qd3 a5 53. Qe3+ Ka6 54. Qd3+ Kb7 55. Qh7+ Kb6 56. Qb1+ Qb5 57. Qg6+ Qc6 58. Qb1+
Kc7 59. Qh7+ Kc8 60. Qg8+ Kb7 61. Qb3+ Ka7 62. Qe3+ Qb6 63. Qe7+ Kb8 64. Qe8+
Kb7 65. Qe4+ Kb8 66. Qe8+ Kb7 67. Qe4+ Qc6 68. Qh7+ Kb6 69. Qb1+ 1/2-1/2

[Event "Titled Tue 10th Jun Late"]
[Site "chess.com INT"]
[Date "2025.06.10"]
[Round "9"]
[White "Gomez Gonzales, Fabiana"]
[Black "Yushko, Olga"]
[Result "1-0"]
[WhiteTitle "WCM"]
[BlackTitle "WFM"]
[WhiteElo "1796"]
[BlackElo "2033"]
[WhiteFideId "3860191"]
[BlackFideId "14114500"]
[EventDate "2025.06.10"]

1. e4 Nf6 2. e5 Nd5 3. c4 Nb6 4. d4 d6 5. exd6 exd6 6. h3 Be7 7. Nf3 Bf5 8. Nc3
O-O 9. Bd3 Bxd3 10. Qxd3 Bf6 11. O-O Nc6 12. Be3 Re8 13. a3 d5 14. c5 Nc4 15. b3
Nxe3 16. fxe3 Ne7 17. Rad1 c6 18. b4 Ng6 19. Nh2 Bg5 20. Rfe1 Qe7 21. Nf1 Nh4
22. e4 Qf6 23. exd5 Nf5 24. Ne4 Qg6 25. Nxg5 Qxg5 26. dxc6 bxc6 27. Re5 Rxe5 28.
dxe5 Nh4 29. Qg3 Qe7 30. Ne3 Ng6 31. Ng4 h5 32. Ne3 Qxe5 33. Qxe5 Nxe5 34. Nf5
a5 35. Rb1 axb4 36. axb4 Rb8 37. Kf1 Kf8 38. Nd4 Ke7 39. Re1 f6 40. Rxe5+ Kd7
41. Re4 Rxb4 42. Kf2 Rc4 43. Kf3 Rxc5 44. Ne2 g5 45. Rd4+ Ke6 46. Ng3 Rc3+ 47.
Kf2 f5 48. Nxh5 Rc2+ 49. Kg1 f4 50. Rd3 c5 51. Kh2 c4 52. Ra3 c3 53. Ra6+ Ke7
54. Ng7 f3 55. Nf5+ Kf7 56. Ne3 f2 57. Ra1 Re2 58. Nf1 Re1 59. Ra2 Rxf1 60. Kg3
Ke6 61. Rc2 Rd1 62. Kxf2 Rd2+ 63. Rxd2 cxd2 64. Ke2 Ke5 65. Kxd2 Kf4 66. Ke2 Kg3
67. Kf1 Kf4 68. Kf2 Ke4 69. Kg3 Kf5 70. Kf3 Ke5 71. Kg4 Kf6 72. Kh5 Kf5 73. g4+
Kf4 74. Kh6 Kg3 75. Kxg5 Kxh3 76. Kh5 1-0

[Event "Titled Tue 10th Jun Late"]
[Site "chess.com INT"]
[Date "2025.06.10"]
[Round "9"]
[White "Shukhman, Anna"]
[Black "Craciun, Sasha-Matei"]
[Result "0-1"]
[WhiteTitle "WGM"]
[BlackTitle "FM"]
[WhiteElo "2413"]
[BlackElo "2320"]
[WhiteFideId "54180058"]
[BlackFideId "1281186"]
[EventDate "2025.06.10"]

1. e4 e5 2. Nf3 Nc6 3. d4 exd4 4. Nxd4 Bc5 5. Nb3 Bb6 6. Nc3 Nf6 7. Qe2 O-O 8.
Bg5 Nd4 9. Qd2 Nxb3 10. axb3 Re8 11. O-O-O h6 12. Bxf6 Qxf6 13. f3 c6 14. Bc4 d5
15. Bd3 dxe4 16. Nxe4 Qh4 17. g3 Qh3 18. Rhe1 Be6 19. Nd6 Re7 20. Qc3 Rd7 21.
Bc4 Rad8 22. Bxe6 fxe6 23. Ne4 Rxd1+ 24. Rxd1 Rxd1+ 25. Kxd1 Qxh2 26. Qe5 Qg1+
27. Kd2 Qe3+ 28. Kd1 Qxf3+ 29. Kc1 Qh1+ 30. Kd2 Qg2+ 31. Kc1 Qg1+ 32. Kd2 Qe3+
33. Kd1 Qd4+ 34. Qxd4 Bxd4 35. Nd6 b5 36. c3 Be5 37. Ne4 Kf7 38. Ke2 h5 39. Kf3
Kg6 40. Nc5 Kf5 41. Nd7 g5 42. b4 h4 43. gxh4 gxh4 44. Nc5 h3 45. Nd3 h2 46. Kg2
Bd6 47. Nf2 Kf4 48. Kxh2 Kf3+ 49. Kg1 Ke3 50. Kf1 Bg3 51. Ng4+ Kd2 52. Kg2 Bc7
53. Kf3 Kc2 54. Ke4 Kxb2 55. Kd3 Bf4 56. Nf2 Be5 57. Ne4 Bg7 58. Kd2 Kb3 59. Kd3
Be5 60. Kd2 Kc4 61. Kc2 Bg7 62. Nd2+ Kd5 63. Kd3 e5 64. Ne4 Bf8 65. Nf6+ Ke6 66.
Ne4 Kf5 67. Ke3 Be7 68. Kf3 Ke6 69. Ke3 Kd5 70. Kd3 Bd8 71. Nc5 Bc7 72. Ne4 a5
73. bxa5 Bxa5 74. Nf6+ Ke6 75. Ng4 Kf5 76. Nh6+ Kf4 77. Nf7 e4+ 78. Kd4 Bb6# 0-1

[Event "Titled Tue 10th Jun Late"]
[Site "chess.com INT"]
[Date "2025.06.10"]
[Round "9"]
[White "Bazan Romero, Octavio Aaron"]
[Black "Klys, Kacper"]
[Result "0-1"]
[WhiteTitle "FM"]
[WhiteElo "2289"]
[BlackElo "2218"]
[WhiteFideId "20003943"]
[BlackFideId "21005281"]
[EventDate "2025.06.10"]

1. d4 Nf6 2. Nc3 d5 3. Bf4 e6 4. Nb5 Bb4+ 5. c3 Ba5 6. Qa4 Nc6 7. Qa3 a6 8. b4
axb5 9. bxa5 Rxa5 10. Qb3 O-O 11. e3 Bd7 12. Nf3 Ne7 13. Bd3 Ng6 14. Bg5 h6 15.
Bf4 Nh5 16. Bxg6 Nxf4 17. exf4 fxg6 18. Ne5 Rxf4 19. O-O Be8 20. Rfe1 Qd6 21.
Nd3 Ra3 22. Qb2 Rf6 23. Nc5 Ra7 24. Re5 b6 25. Nd3 c5 26. Rae1 Bd7 27. g3 Rf8
28. Nf4 Rf6 29. Qc2 g5 30. Nd3 Rf8 31. Qe2 Rfa8 32. Qe3 c4 33. Nb4 Rf8 34. Rf1
Ra3 35. Qd2 Raa8 36. f4 gxf4 37. Rxf4 Rxf4 38. Qxf4 Rf8 39. Qe3 Rf6 40. Kg2 Qf8
41. Qe2 Rf5 42. Nc2 Rf6 43. Ne3 b4 44. cxb4 Qxb4 45. Ng4 Rf7 46. Nf2 Qd6 47. Nh3
b5 48. Nf4 Re7 49. Kg1 Bc6 50. Ng6 Re8 51. Nf4 Bd7 52. Ng6 b4 53. Nf4 c3 54. Qd3
Rc8 55. Qc2 Ba4 56. Qc1 c2 57. Rxe6 Qd7 58. Re1 b3 59. axb3 Bxb3 60. Nd3 Qb5 61.
Nc5 Rxc5 62. dxc5 Qxc5+ 63. Kg2 d4 64. Qd2 Bd5+ 65. Kg1 d3+ 66. Kf1 Qd4 67. Re3
Bc4 68. Re1 Qd5 69. Kg1 Qc5+ 70. Kf1 Bd5 71. Re3 c1=Q+ 72. Qxc1 Qxc1+ 73. Kf2
Qd2+ 0-1

[Event "Titled Tue 10th Jun Late"]
[Site "chess.com INT"]
[Date "2025.06.10"]
[Round "9"]
[White "Varela La Madrid, Maria"]
[Black "Fomevor, Cephas Clinton"]
[Result "1-0"]
[WhiteTitle "WFM"]
[BlackTitle "CM"]
[WhiteElo "1981"]
[BlackElo "1883"]
[WhiteFideId "3903346"]
[BlackFideId "12601330"]
[EventDate "2025.06.10"]

1. e4 c5 2. Nf3 Nc6 3. d4 cxd4 4. Nxd4 Nf6 5. Nc3 e5 6. Ndb5 d6 7. Bg5 a6 8. Na3
b5 9. Nd5 Be7 10. Bxf6 Bxf6 11. c3 O-O 12. Nc2 Bg5 13. h4 Be7 14. Bd3 Be6 15.
Nce3 Rb8 16. h5 Bg5 17. a4 Ne7 18. axb5 axb5 19. Ra7 Bxd5 20. Nxd5 Nxd5 21. exd5
h6 22. O-O f5 23. Qe2 e4 24. Bc2 Qe8 25. Rfa1 Qe5 26. Rd7 Qxd5 27. Rd1 Qc4 28.
Kf1 Bf4 29. g3 Be5 30. Ra1 Qe6 31. Raa7 Qc4 32. Bd1 Ra8 33. Qxc4+ bxc4 34. Be2
Rac8 35. Rac7 Ra8 36. Bxc4+ Kh8 37. Ra7 Rab8 38. Rab7 Rbc8 39. Bd5 Ra8 40. Kg2
Rab8 41. Rxb8 Rxb8 42. Rb7 Rc8 43. c4 Kh7 44. b4 Bf6 45. b5 Bd4 46. Be6 Rd8 47.
Bxf5+ Kh8 48. Bxe4 Bc5 49. Bd5 Rf8 50. f4 Rf5 51. Be6 Rf8 52. Bd5 Kh7 53. Kf3
Kh8 54. Be4 Kg8 55. Bd5+ Kh8 56. Be4 Re8 57. Rd7 Rb8 58. Rb7 Rc8 59. Bd5 Kh7 60.
g4 Rd8 61. f5 Kh8 62. Be6 Bd4 63. Ke4 Bc5 64. Kd5 Kh7 65. b6 Rf8 66. Kc6 Ra8 67.
Rc7 Ra6 68. Rb7 Kh8 69. Bc8 Kh7 70. Rb8 Ra5 71. b7 Ra4 72. Bd7 Ba7 73. Ra8 Ra6+
74. Kd5 Rb6 75. Rxa7 Rb2 76. Kc6 Rd2 77. b8=Q d5 78. Qe5 dxc4 79. Be6 1-0

[Event "Titled Tue 10th Jun Late"]
[Site "chess.com INT"]
[Date "2025.06.10"]
[Round "9"]
[White "Martinovici, Ilia"]
[Black "Stefansson, Vignir Vatnar"]
[Result "1/2-1/2"]
[WhiteTitle "IM"]
[BlackTitle "GM"]
[WhiteElo "2452"]
[BlackElo "2515"]
[WhiteFideId "13907034"]
[BlackFideId "2308649"]
[EventDate "2025.06.10"]

1. d4 Nf6 2. c4 e6 3. Nc3 d5 4. cxd5 exd5 5. Bg5 c6 6. e3 Bd6 7. Bd3 O-O 8. Nf3
Be6 9. O-O Nbd7 10. h3 Re8 11. Bf4 Qc7 12. Bxd6 Qxd6 13. Qc2 g6 14. b4 b5 15. a3
a5 16. bxa5 Rxa5 17. a4 Rea8 18. Ra2 b4 19. Ne2 Ne4 20. Rc1 c5 21. dxc5 Ndxc5
22. Nfd4 Bd7 23. Qb1 Rxa4 24. Rxa4 Rxa4 25. Bc2 b3 26. Nxb3 Rb4 27. Qa2 Qf6 28.
Bxe4 Nxb3 29. Rb1 Rxe4 30. Qxb3 Rc4 31. Qb8+ Kg7 32. Qb2 Bf5 33. Qxf6+ Kxf6 34.
Re1 Ke5 35. Nd4 Be4 36. f3 Bd3 37. Rd1 Bf5 38. Kf2 Bd7 39. Rd2 Ra4 40. f4+ Ke4
41. Ne2 d4 42. Rxd4+ Rxd4 43. Nxd4 f5 44. Nf3 Kd5 45. Ng5 h6 46. Nf7 h5 47. Ne5
Be8 48. Nf3 Ke4 49. Ng5+ Kd3 50. Ne6 Ke4 51. Nc7 Bc6 52. Ne6 Be8 53. Ng5+ Kd3
54. Nf3 Ke4 55. Ne5 g5 56. g3 h4 57. Nc4 hxg3+ 58. Kxg3 gxf4+ 59. exf4 Kd5 60.
Ne3+ Ke6 61. Kh4 Kf6 62. Nd5+ Kg6 63. Ne7+ Kf6 64. Nd5+ Kg6 65. Nc7 Bf7 66. Nb5
Kf6 67. Nd4 Kg6 68. Nf3 Kf6 69. Ne5 Be8 70. Nd3 Kg6 71. Ne5+ Kf6 72. Kg3 Ke6 73.
Nf3 Kf6 74. Kf2 Kg6 75. Ke3 Kf6 76. Kd4 Bc6 77. Ne5 Be8 78. h4 Ke6 79. Kc5 Bh5
80. Kd4 Be8 81. Nf3 Kf6 82. Ne5 Ke6 1/2-1/2

[Event "Titled Tue 10th Jun Late"]
[Site "chess.com INT"]
[Date "2025.06.10"]
[Round "9"]
[White "Jasinski, Alexander"]
[Black "Mesquita, Eduardo Barbosa"]
[Result "1-0"]
[WhiteElo "1989"]
[BlackElo "2014"]
[WhiteFideId "55627994"]
[BlackFideId "22757163"]
[EventDate "2025.06.10"]

1. e4 c5 2. Nf3 d6 3. Bb5+ Nc6 4. O-O Nf6 5. Re1 Bd7 6. d3 g6 7. c3 Bg7 8. h3
O-O 9. Be3 a6 10. Ba4 b5 11. Bc2 Rc8 12. Nbd2 Re8 13. a3 e5 14. Nf1 Qc7 15. Ng3
Nd8 16. Qd2 d5 17. Bh6 Bh8 18. Bg5 d4 19. cxd4 exd4 20. a4 Ne6 21. axb5 axb5 22.
Ra6 c4 23. dxc4 bxc4 24. Bxf6 Bxf6 25. e5 Bg7 26. Rea1 Bb5 27. Ra7 Qb6 28. Be4
c3 29. bxc3 dxc3 30. Qe1 c2 31. R7a2 Nd4 32. Rc1 Nxf3+ 33. gxf3 Bxe5 34. Kg2 Kg7
35. Qb4 Rc4 36. Qb3 Bxg3 37. Kxg3 Qc7+ 38. Kg2 Rb8 39. Raxc2 Rxc2 40. Qxc2 Qf4
41. Qc7 Qxc7 42. Rxc7 Rb6 43. Bd5 Rf6 44. Kg3 Bd3 45. f4 h5 46. h4 Bf5 47. f3
Bd3 48. Be4 Be2 49. Rc2 Bb5 50. Rc5 Bd7 51. Rd5 Be6 52. Rd6 Kf8 53. Rd8+ Ke7 54.
Ra8 Bf5 55. Bd5 Kd6 56. Ba2 Ke7 57. Ra7+ Kf8 58. Bd5 Kg7 59. Be4 Be6 60. Ra5 Bc4
61. f5 Be6 62. fxe6 Rxe6 63. Ra7 Rf6 64. Bd5 Kf8 65. f4 Kg7 66. Kf3 Rf5 67. Ke4
Kf8 68. Ra8+ Ke7 69. Ra7+ Kf8 70. Bc4 Ke8 71. Bd3 Kf8 72. Kf3 Rf6 73. f5 Rd6 74.
Be4 Ke8 75. fxg6 fxg6 76. Rg7 Ra6 77. Rb7 Ra1 78. Kf4 Rf1+ 79. Kg5 Rg1+ 80. Kh6
Kd8 81. Bxg6 Kc8 82. Rf7 Rg4 83. Kxh5 Rxh4+ 84. Kxh4 1-0

[Event "Titled Tue 10th Jun Late"]
[Site "chess.com INT"]
[Date "2025.06.10"]
[Round "9"]
[White "Mullodzhanov, Nathaniel"]
[Black "Olund, Joar"]
[Result "0-1"]
[BlackTitle "FM"]
[WhiteElo "1927"]
[BlackElo "2369"]
[WhiteFideId "30961580"]
[BlackFideId "1714848"]
[EventDate "2025.06.10"]

1. e4 e5 2. Nf3 Nc6 3. d4 exd4 4. Nxd4 Nf6 5. Nc3 Bb4 6. Nxc6 bxc6 7. Bd3 d5 8.
exd5 cxd5 9. O-O O-O 10. h3 c6 11. Qf3 h6 12. Bf4 Re8 13. Ne2 Bd6 14. Rad1 a5
15. c4 a4 16. cxd5 cxd5 17. Bb5 Re7 18. Nd4 Re4 19. Nc6 Qc7 20. Bxh6 Ba6 21.
Bxa6 Qxc6 22. Bd3 gxh6 23. Rc1 Qb6 24. Bxe4 dxe4 25. Qe2 Qa5 26. Rfd1 Qe5 27. g3
Bc5 28. Kg2 Bf8 29. Rc6 Rb8 30. b3 axb3 31. axb3 Rxb3 32. Rd8 Kg7 33. Qc4 Rf3
34. Rc7 Ne8 35. Rb7 Nd6 36. Qc7 Qf5 37. Rb2 e3 38. fxe3 Ne4 39. Rd4 Rxg3+ 40.
Qxg3+ Nxg3 41. Kxg3 Bd6+ 42. Kg2 Be5 43. Rg4+ Kh7 44. Rf2 Qe6 45. e4 Bg7 46. Rf5
Qa2+ 47. Kf3 Qb3+ 48. Kg2 Qc2+ 49. Kf3 Qd1+ 50. Kg2 Qe2+ 51. Rf2 Qc4 52. Rf3 Be5
53. Rf5 f6 54. Rf3 h5 55. Rh4 Kg6 56. Rf2 Qd3 57. Rf5 Qe2+ 58. Kg1 Qe1+ 59. Kg2
Qxh4 60. Rf3 Kf7 61. Rf1 Ke7 62. Rf3 Qxe4 63. Kf2 Qc2+ 64. Ke3 Qc5+ 65. Ke4 Qd4+
66. Kf5 Qd7+ 67. Kg6 Qe8+ 68. Kf5 Kd6 69. Rd3+ Kc5 70. Rd1 Kc4 71. Rc1+ Kd3 72.
Rd1+ Ke2 73. Rb1 h4 74. Rg1 Qc8+ 75. Ke4 Qc2+ 76. Kd5 Qd3+ 77. Ke6 Qd6+ 78. Kf5
Qd7+ 79. Kg6 Qxh3 80. Kh5 Qf3+ 81. Kh6 h3 82. Kg6 h2 83. Rb1 h1=Q 84. Kf7 Qh7+
85. Ke6 Qc6# 0-1

[Event "Titled Tue 10th Jun Late"]
[Site "chess.com INT"]
[Date "2025.06.10"]
[Round "9"]
[White "Vasquez Schroeder, Rodrigo"]
[Black "Tekeyev, Zaur"]
[Result "1/2-1/2"]
[WhiteTitle "GM"]
[BlackTitle "IM"]
[WhiteElo "2446"]
[BlackElo "2407"]
[WhiteFideId "3400042"]
[BlackFideId "4199731"]
[EventDate "2025.06.10"]

1. e4 c5 2. Nf3 Nc6 3. d4 cxd4 4. Nxd4 e5 5. Nb3 Nf6 6. Bg5 h6 7. Bxf6 Qxf6 8.
Bc4 Bb4+ 9. c3 Be7 10. O-O d6 11. a4 Qg6 12. Qe2 O-O 13. Na3 Kh8 14. Kh1 f5 15.
Bd5 fxe4 16. Bxe4 Bf5 17. f3 d5 18. Bxf5 Rxf5 19. Nc2 Rh5 20. g4 Rh4 21. Ne3 Rf8
22. Nxd5 Bd6 23. Qf2 Rxg4 24. Nd2 e4 25. f4 Bxf4 26. Nc4 e3 27. Qf3 Rh4 28. Nxf4
Rfxf4 29. Qxf4 Rxf4 30. Rxf4 Qg5 31. Rf8+ Kh7 32. b3 e2 33. Re1 Qd5+ 34. Kg1 b5
35. axb5 Qxb5 36. Rxe2 Qxb3 37. Ne3 Ne5 38. Rf1 Qb5 39. Ree1 Qc5 40. Kg2 Qxc3
41. h3 Qc6+ 42. Kg3 a5 43. Nf5 Nd3 44. Re7 Qg6+ 45. Kh2 a4 46. Rxg7+ Qxg7 47.
Nxg7 Kxg7 48. Ra1 Nc5 49. Kg3 Kf6 50. Kf4 Kg6 51. Ke5 Kh5 52. Kd5 Nd3 53. Rxa4
Nf2 54. h4 Ng4 55. Ke6 Kxh4 56. Kf5 h5 57. Kf4 Kh3 58. Kg5 Kg3 59. Kxh5 Ne5 60.
Kg5 Kf3 61. Kf5 Nd3 62. Ra3 Ke3 63. Rb3 Kd4 64. Rb1 Ke3 65. Ke6 Kd4 66. Rd1 Ke4
67. Rd2 Nf4+ 68. Kd6 Nd3 69. Re2+ Kd4 70. Re8 Nf4 71. Re5 Nd3 72. Rd5+ Ke4 73.
Ra5 Nf4 74. Ra4+ Kf5 75. Ra5+ Ke4 76. Ke7 Nd5+ 77. Ke6 Nf4+ 78. Kd6 Ke3 79. Ke5
Nd3+ 80. Kf5 Kd4 81. Ra4+ Kd5 82. Ra3 Kd4 83. Ke6 Ke4 84. Ra4+ Ke3 85. Kd5 Nf4+
86. Kc4 Ke4 87. Kc3+ Ke5 88. Kd2 Nd5 89. Kd3 Nf4+ 90. Kc4 Ke4 91. Ra8 Ke5 92.
Re8+ Kf5 93. Kd4 Ne6+ 94. Kd5 Nc7+ 95. Kc6 Nxe8 1/2-1/2

[Event "Titled Tue 10th Jun Late"]
[Site "chess.com INT"]
[Date "2025.06.10"]
[Round "9"]
[White "Petrus, Adrian"]
[Black "Venkatesh, Narayan"]
[Result "0-1"]
[WhiteTitle "CM"]
[BlackTitle "FM"]
[WhiteElo "2203"]
[BlackElo "2168"]
[WhiteFideId "14573652"]
[BlackFideId "30987881"]
[EventDate "2025.06.10"]

1. e4 Nc6 2. d4 d6 3. Nf3 g6 4. Bd3 Bg7 5. Be3 e5 6. c3 Nf6 7. d5 Ne7 8. h3 O-O
9. O-O Ne8 10. Nh2 f5 11. f3 c6 12. dxc6 bxc6 13. Bc4+ d5 14. Bb3 Be6 15. Nd2
Nd6 16. Bc5 Qc7 17. Re1 Rfd8 18. Nhf1 Bf7 19. Qe2 a5 20. a4 Rab8 21. Qf2 Rb7 22.
g4 Rdb8 23. Ra3 f4 24. h4 dxe4 25. Bxf7+ Nxf7 26. Nxe4 Rxb2 27. Re2 Rxe2 28.
Qxe2 Nd5 29. c4 Nb4 30. Qf2 Qd7 31. Nfd2 Nd8 32. Bb6 Ne6 33. Bxa5 Nd3 34. Qf1
Qa7+ 35. Kg2 Qxa5 36. Qxd3 Rd8 37. Qc3 Qxc3 38. Rxc3 Bf8 39. c5 Ra8 40. Rc4 Kf7
41. Kf2 Nd4 42. Rb4 Ke6 43. Ng5+ Kd5 44. Nge4 Bxc5 45. Rc4 Be7 46. h5 Rb8 47.
Nc3+ Ke6 48. hxg6 hxg6 49. Nce4 Rb2 50. Kf1 Ra2 51. Kg1 Bd8 52. Nc5+ Kf7 53.
Nce4 Bb6 54. Kf2 Nb3+ 55. Kg2 Nxd2 56. Nxd2 Rxd2+ 57. Kh3 c5 58. a5 Bxa5 59.
Rxc5 Bd8 60. Rxe5 Bf6 61. Re4 g5 62. Rc4 Rd3 63. Kg2 Rd4 64. Rc8 Rd2+ 65. Kh3
Rd4 66. Rc7+ Kg6 67. Kg2 Rd8 68. Rc6 Re8 69. Ra6 Kg7 70. Ra7+ Re7 71. Ra6 Kf7
72. Kh3 Re6 73. Ra7+ Be7 74. Ra5 Kf6 75. Rf5+ Kg6 76. Ra5 Re1 77. Kg2 Bb4 78.
Ra6+ Kf7 79. Rb6 Bc5 80. Rb5 Rg1+ 81. Kh2 Be3 82. Rxg5 Rg3 83. Rf5+ Kg6 84. Rd5
Rxf3 85. Rf5 Rg3 86. Rd5 Rxg4 87. Kh3 Rg3+ 88. Kh2 Rg5 89. Rd8 f3 90. Rf8 Rf5
91. Rg8+ Kh5 92. Rh8+ Kg4 93. Rg8+ Kf4 94. Kh1 f2 95. Kg2 Rg5+ 96. Rxg5 Kxg5 97.
Kf1 Kf4 98. Ke2 Ba7 99. Kf1 Kg3 100. Ke2 Kg2 101. Kd3 f1=Q+ 102. Ke4 Qa6 103.
Kd5 Qb7+ 104. Ke5 Bb8+ 105. Kf5 Qd7+ 106. Kf6 Qd6+ 107. Kg5 Qe5+ 108. Kh4 Qf6+
109. Kh5 Qf5+ 110. Kh6 Bf4+ 111. Kg7 Kf3 112. Kg8 Ke4 113. Kg7 Ke5 114. Kh8 Kf6
115. Kg8 Qg6+ 116. Kf8 Bd6# 0-1

[Event "Titled Tue 10th Jun Late"]
[Site "chess.com INT"]
[Date "2025.06.10"]
[Round "10"]
[White "Dubnevych, Maksym"]
[Black "Le, Tuan Minh"]
[Result "1-0"]
[WhiteTitle "FM"]
[BlackTitle "GM"]
[WhiteElo "2296"]
[BlackElo "2598"]
[WhiteFideId "14184001"]
[BlackFideId "12401153"]
[EventDate "2025.06.10"]

1. e4 e5 2. Nc3 Nc6 3. Nf3 Nf6 4. d4 exd4 5. Nxd4 Bb4 6. Nxc6 bxc6 7. Bd3 d6 8.
O-O O-O 9. h3 Re8 10. Qf3 Nd7 11. Qg3 Qf6 12. Ne2 Bc5 13. c3 Ne5 14. Bg5 Qg6 15.
Nf4 1-0

[Event "Titled Tue 10th Jun Late"]
[Site "chess.com INT"]
[Date "2025.06.10"]
[Round "10"]
[White "Jakovljevic, Dejan"]
[Black "Gutierrez Carmona, Juan Alejandro"]
[Result "0-1"]
[WhiteTitle "CM"]
[BlackTitle "FM"]
[WhiteElo "1956"]
[BlackElo "2036"]
[WhiteFideId "949418"]
[BlackFideId "5106770"]
[EventDate "2025.06.10"]

1. e4 e6 2. d4 d5 3. e5 c5 4. c3 Nc6 5. Nf3 Qb6 6. a3 Nh6 7. b4 cxd4 8. cxd4 Nf5
9. Bb2 Be7 10. Be2 Bd7 11. O-O h5 12. b5 Na5 13. Bd3 Bxb5 14. Bxf5 Bxf1 15. Bxe6
fxe6 0-1

[Event "Titled Tue 10th Jun Late"]
[Site "chess.com INT"]
[Date "2025.06.10"]
[Round "10"]
[White "Banerjee, Supratit"]
[Black "Zlatin, Alexander"]
[Result "1-0"]
[WhiteTitle "FM"]
[BlackTitle "FM"]
[WhiteElo "2311"]
[BlackElo "2313"]
[WhiteFideId "2410079"]
[BlackFideId "2810549"]
[EventDate "2025.06.10"]

1. e4 e6 2. d4 d5 3. e5 c5 4. c3 Nc6 5. Nf3 f6 6. Be2 Qc7 7. O-O fxe5 8. Nxe5
Nxe5 9. dxe5 Qxe5 10. Re1 Nf6 11. Bb5+ Bd7 12. Rxe5 Bxb5 13. Rxe6+ Kf7 14. Rxf6+
gxf6 15. Qxd5+ Kg7 16. Qxb7+ Be7 17. Qxe7+ Kg6 18. Qe4+ f5 19. Qe6+ Kg7 20. Qxf5
Rad8 21. Qg4+ Kf7 22. Be3 Rhg8 23. Qf3+ Ke6 24. Nd2 Rd6 25. Ne4 Bc6 26. Qf6+ Kd7
27. Qxd6+ Ke8 28. Qxc6+ Kf8 29. Bh6+ Kf7 30. Qf6+ Ke8 31. Qe6+ Kd8 32. Qxg8+ Kc7
33. Qd5 Kb6 34. Qxc5+ Ka6 35. Qc6+ Ka5 36. b4# 1-0

[Event "Titled Tue 10th Jun Late"]
[Site "chess.com INT"]
[Date "2025.06.10"]
[Round "10"]
[White "Gelman, Alexander"]
[Black "Sheehan, Ethan"]
[Result "1-0"]
[WhiteTitle "IM"]
[WhiteElo "2403"]
[BlackElo "2364"]
[WhiteFideId "4118316"]
[BlackFideId "30943965"]
[EventDate "2025.06.10"]

1. d4 d5 2. Nc3 Nf6 3. Bf4 Bd7 4. e3 e6 5. g4 Bb4 6. Ne2 c5 7. a3 Bxc3+ 8. Nxc3
cxd4 9. exd4 h6 10. Qd2 Bc6 11. O-O-O Nbd7 12. f3 a6 13. h4 Qa5 14. Kb1 b5 15.
Bd3 O-O-O 16. Nxb5 Qxd2 17. Nd6+ Kc7 18. Rxd2 1-0

[Event "Titled Tue 10th Jun Late"]
[Site "chess.com INT"]
[Date "2025.06.10"]
[Round "10"]
[White "Sarkar, Justin"]
[Black "Schracke, Guido"]
[Result "0-1"]
[WhiteTitle "IM"]
[BlackTitle "CM"]
[WhiteElo "2284"]
[BlackElo "2138"]
[WhiteFideId "2010011"]
[BlackFideId "4637054"]
[EventDate "2025.06.10"]

1. Nf3 c5 2. e4 Nc6 3. d4 cxd4 4. Nxd4 e5 5. Nb5 a6 6. Nd6+ Bxd6 7. Qxd6 Qf6 8.
Qd2 Qg6 9. Nc3 Nge7 10. b3 d5 11. Nxd5 Nxd5 12. exd5 Nd4 13. c4 Nc2+ 14. Kd1
Nxa1 15. Bd3 Qxg2 16. Re1 Bg4+ 17. Be2 Bf5 18. Bb2 Nc2 0-1

[Event "Titled Tue 10th Jun Late"]
[Site "chess.com INT"]
[Date "2025.06.10"]
[Round "10"]
[White "Grutter, Tim"]
[Black "Aradhya, Garg"]
[Result "0-1"]
[WhiteTitle "IM"]
[BlackTitle "IM"]
[WhiteElo "2404"]
[BlackElo "2370"]
[WhiteFideId "1057472"]
[BlackFideId "25006746"]
[EventDate "2025.06.10"]

1. Nf3 d5 2. d4 Nf6 3. g3 c5 4. Bg2 cxd4 5. Nxd4 e5 6. Nb3 a5 7. a4 Bb4+ 8. Bd2
O-O 9. O-O Nc6 10. Nc3 Be6 11. Nb5 d4 12. Bxb4 Nxb4 13. Nc5 Bd5 14. Nxb7 Qb6 15.
Bxd5 Nbxd5 16. N7d6 Rad8 17. Nc4 Qe6 18. Kg2 Qc6 19. Nxe5 Ne3+ 0-1

[Event "Titled Tue 10th Jun Late"]
[Site "chess.com INT"]
[Date "2025.06.10"]
[Round "10"]
[White "Craciun, Sasha-Matei"]
[Black "Askarov, Bakhtiyar"]
[Result "0-1"]
[WhiteTitle "FM"]
[BlackTitle "IM"]
[WhiteElo "2320"]
[BlackElo "2297"]
[WhiteFideId "1281186"]
[BlackFideId "13701100"]
[EventDate "2025.06.10"]

1. e4 c5 2. Nf3 e6 3. d4 cxd4 4. Nxd4 a6 5. Bd3 Nf6 6. O-O Qc7 7. Qe2 d6 8. c4
g6 9. Nc3 Bg7 10. Be3 O-O 11. Rac1 Nbd7 12. b3 b6 13. f3 Bb7 14. Rfd1 Rac8 15.
Bb1 Qb8 16. Qf2 Rfd8 17. Nde2 Ba8 18. Bf4 Ne5 19. Na4 Nfd7 20. Be3 b5 21. Nb6
Nxb6 22. Bxb6 Re8 23. cxb5 axb5 24. Ba7 Qb7 25. Qb6 Rxc1 26. Rxc1 Qe7 27. Qxb5
Qxa7+ 28. Kh1 Rb8 0-1

[Event "Titled Tue 10th Jun Late"]
[Site "chess.com INT"]
[Date "2025.06.10"]
[Round "10"]
[White "Jimenez Salas, Maria Teresa"]
[Black "Shapiro, Daniel"]
[Result "1-0"]
[WhiteTitle "WIM"]
[BlackTitle "FM"]
[WhiteElo "2170"]
[BlackElo "2284"]
[WhiteFideId "3843866"]
[BlackFideId "2001780"]
[EventDate "2025.06.10"]

1. e4 c5 2. Nf3 Nc6 3. d4 cxd4 4. Nxd4 Nf6 5. Nc3 d6 6. f3 e6 7. Be3 Be7 8. Qd2
a6 9. g4 h6 10. O-O-O Qc7 11. h4 Nd7 12. Bh3 Nde5 13. Qf2 b5 14. Kb1 Bb7 15. g5
hxg5 16. hxg5 O-O-O 17. g6 Nxg6 18. Nxe6 fxe6 19. Bxe6+ Kb8 20. Bb6 Nce5 21.
Bxc7+ Kxc7 22. Rxh8 Rxh8 23. Nd5+ Kb8 24. Nxe7 Nxe7 25. Qb6 N7c6 26. f4 Nc4 27.
Bxc4 bxc4 28. a3 Rh6 29. Qg1 Re6 30. Qxg7 Rxe4 31. Qg6 Nd4 32. Qxd6+ Ka8 33.
Rxd4 1-0

[Event "Titled Tue 10th Jun Late"]
[Site "chess.com INT"]
[Date "2025.06.10"]
[Round "10"]
[White "Labussiere, Victor"]
[Black "Petrus, Adrian"]
[Result "1/2-1/2"]
[WhiteTitle "FM"]
[BlackTitle "CM"]
[WhiteElo "2312"]
[BlackElo "2203"]
[WhiteFideId "2183129"]
[BlackFideId "14573652"]
[EventDate "2025.06.10"]

1. c4 Nf6 2. Nc3 d5 3. cxd5 Nxd5 4. Nf3 Nc6 5. e3 e5 6. Bb5 Nxc3 7. bxc3 Bd6 8.
e4 Bd7 9. d3 O-O 10. O-O a6 11. Ba4 h6 12. Nd2 b5 13. Bb3 Kh8 14. Kh1 f5 15.
exf5 Bxf5 16. Ne4 Bxe4 17. dxe4 Ne7 18. Be3 Ng6 19. g3 Qe7 20. Qg4 Qf6 21. Kg2
Kh7 22. Rad1 a5 23. Bd5 Rad8 24. Be6 Ne7 25. h4 b4 26. cxb4 axb4 27. h5 Ra8 28.
Bb3 Ra6 29. Rd2 Rc6 30. Rfd1 Rc3 31. Rd3 Rc6 32. R1d2 Rc1 33. Rd1 Rc6 34. Ba4
Ra6 35. Bb3 Rc6 1/2-1/2